Score 0/10 Timer 03:00
0 Plays Today
% Correct
Elmer Fudd
58.6%
1981
55.7%
Spiderman
55%
Rosebud.
54.8%
Hal Jordan
44.5%
Gershwin Theatre
43.8%
1944
42.7%
Avatar: The Last Airbender
41.9%
All Dogs Go to Heaven
34%
Maggie Smith
24.3%
Remove Ads.
Support Sporcle.
Get the best of Sporcle when you Go Orange. This ad-free experience offers more features, more stats, and more fun while also helping to support Sporcle. Thank you for becoming a member.

You're not logged in!

Compare scores with friends on all Sporcle quizzes.
OR
Log In

Sporcle TV

Today on Sporcle TV


Watch our educational content, quiz creation guides, and fun videos on Sporcle TV.

Show Comments

Extras

Top Quizzes Today


Score Distribution

Paid Content

Your Account Isn't Verified!

In order to create a playlist on Sporcle, you need to verify the email address you used during registration. Go to your Sporcle Settings to finish the process.

Report this User

Report this user for behavior that violates our Community Guidelines.

Details: